000 00982nam a2200217 i 4500
001 189579
003 SpMaBN
005 20250808085336.0
008 190621s1969 sp f l |||| | spa d
080 _a34/35(8=134.2)"17"(094.5)
245 0 0 _aCedulario americano del siglo XVIII
_b: colección de disposiciones legales indianas desde 1680 a 1800, contenidas en los Cedularios del Archivo General de Indias.
_nII /
_cedición, estudio y comentarios por Antonio Muro Orejón.
250 _a1ª ed.
260 _aSevilla :
_bEscuela de Estudios Hispano-Americanos de Sevilla,
_c1969.
300 _a1 v. ;
_c25 cm.
505 8 _aContiene: v. 2 ;
_tCédulas de Felipe V (1700-1724) ([1] h. de lám., LXXVIII, 786 p.)
650 0 4 _aDerecho colonial-
_zAmérica española
_911671
700 1 _aMuro Orejón, Antonio.
_984616
710 2 _aEscuela de Estudios Hispano-Americanos (Sevilla)
_9134366
852 _aES-MaACL
_jL-32453
_z- Enc. cart.
999 _c189579
_d189579